Abc logos - Statistics

General Stats
  • This quiz has been taken 120 times
  • The average score is 11 of 26
Answer Stats
Picture Hint Answer % Correct
Computer Dell
81%
Shop Blockbuster
78%
Airline Airbnb
76%
Website Firefox
76%
Calce Crocs
68%
Soft Drink Pepsi
57%
Airline Emirates
53%
Technology Intel
53%
no hint Michelin
51%
Shoes NewBalance
51%
Canned Food Jif
49%
Application Skype
49%
no hint HomeDepot
47%
Cars Lamborghini
46%
Timers Rolex
46%
Supermarket Walmart
44%
Videogame Console Xbox
44%
Cars Opel
41%
Potato Chips Tost
31%
Airline Klm
26%
Cars Vw
22%
no hint Guci
18%
Application Yt
12%
no hint z
12%
Airlines QatarAir
6%
Shoes Under humor
6%
No matching quizzes found
Score Distribution
Percent of People with Each Score
Percentile by Number Answered
Your Score History
You have not taken this quiz